Daily Country Riddle #122 - Statistics

General Stats
  • This quiz has been taken 101 times
  • The average score is 13 of 15
Answer Stats
Type Answer % Correct
Found Letter A
100%
Found Letter R
100%
Found Letter E
98%
Found Letter L
94%
Correctly Placed Letter R
93%
Correctly Placed Letter E
89%
Correctly Placed Letter A
88%
Found Letter S
86%
Found Letter U
86%
Found Letter B
85%
Correctly Placed Letter B
80%
Mystery Country Belarus
80%
Correctly Placed Letter L
80%
Correctly Placed Letter S
80%
Correctly Placed Letter U
80%
No matching quizzes found
Score Distribution
Percent of People with Each Score
Percentile by Number Answered
Your Score History
You have not taken this quiz